| 000 | 00719 a2200157 4500 | ||
|---|---|---|---|
| 003 | Nust | ||
| 005 | 20170207154215.0 | ||
| 040 | _cNust | ||
| 082 | _a378.4 | ||
| 245 |
_aUniversity of Glamorgan- UG Prospectus _cUniversity of Glamorgan |
||
| 260 |
_aGlamorgan _bUniversity of Glamorgan _c1999 |
||
| 300 | _a255 p. | ||
| 505 | _aCourse Details, Combined Programmes of Study (Page-39) Art, Humanities and Social Science (Page-46) Business, Management and law (Page-73) Design, Technology and Engineering (Page-105) Languages (Page-178) Computing, Multimedia and Information System Nursing and Midwifery (Page-183) Applied Sciences and Mathematics (page-204) | ||
| 538 | _aAlmirah No. 117 shelf No. 1 | ||
| 650 | _aUG Prospectus | ||
| 942 |
_2ddc _cBK |
||
| 999 |
_c195061 _d195061 |
||